000 00786nam a2200277 4500
001 2023
010 _a9789895836765
021 _aPT
_b548458/25
090 _a2023
100 _a20251217d2025 c||y0pory50030103ba
101 _apor
102 _aPT
200 _aA avó Nora e o mapa do caos
_fJoseph Elliott
_gil. Nici Gregory
_gtrad. Dulce Afonso
205 _a1ª edição
210 _aLisboa
_cNuvem de Letras
_d2025
215 _a316 p.
_cil.
_d21 cm
225 _aA avó Nora
_v1
300 _aBMB-Registado
304 _aTít. orig.: Nora and the map of mayhem
606 _9815
_aLiteratura Juvenil
675 _a087.5
_vBMB
_zpor
700 _aElliott
_bJoseph
_92895
702 _aGregory
_bNici
_4440
_92896
702 _aAfonso
_bDulce
_4730
_91300
801 _aPT
_bBMB
_gRPC
990 _cLIVROS